New York City Quiz - Teil 1 - Statistiken

Allgemein
  • Dieses Quiz wurde 215 mal gespielt
  • Das Durchschnittsergebnis liegt bei 6 aus 15
Antwortstatistiken
Hinweis Antwort % Korrekt
Symbol der Freiheit Freiheitsstatue
84%
Größte chinesische Siedlung außerhalb Asiens Chinatown
81%
Die grüne Lunge von New York Central Park
80%
Spitzname der Stadt Big Apple
69%
Lange Straße in Manhattan, die vor allem für die vielen Theater bekannt ist Broadway
69%
Straße mit zahlreichen Kreditinstituten Wall Street
65%
Ort, an dem jedes Jahr der größte Weihnachtsbaum New Yorks zu sehen ist Rockefeller Center
55%
Höchstes Gebäude One World Trade Center
47%
Anzahl der Stadtbezirke (Boroughs) fünf
39%
Name der Stadt bei der Gründung Nieuw Amsterdam
11%
Weltbekanntes Luxushotel in Manhattan The Plaza
6%
Erster Wolkenkratzer der Stadt Flatiron Building
5%
Einwohnerzahl 8,8 Millionen
4%
Bekanntes Museum in Manhattan Museum of Modern Arts
4%
Polizei von New York (Bezeichnung) New York City Police Department (NYPD)
0%
Keine übereinstimmenden Quizze gefunden
Verteilung der Resultate
Anzahl Personen mit jedem Resultat
Perzentil nach korrekt beantworteten Fragen
Ihre Resultats-Entwicklung
Sie haben dieses Quiz noch nicht gespielt